| 000 | 00564nam a2200181 4500 | ||
|---|---|---|---|
| 005 | 20250617104814.0 | ||
| 010 | _aENG-145411 | ||
| 020 |
_a9789361631559 _c650.00 |
||
| 035 | _aEN-128943 | ||
| 037 | _bDBAD | ||
| 082 |
_a519.5024658 _21 |
||
| 100 |
_aBalasenthil, R.S. _982095 |
||
| 245 |
_aStatistics for Management/ _cBalasenthil, R.S. |
||
| 260 |
_aMadurai _bShanlax Publications _c2024 |
||
| 270 |
_a61,66 Vasantha Nagar _bMadurai _e625003 _mshanlaxpublications@gmail.com |
||
| 300 |
_avpp. _c29cm(Pb) |
||
| 942 |
_2ddc _cEN _h519.5024658 _mBAL |
||
| 999 |
_c211843 _d211843 |
||